Giáo trình văn hóa phương Đông

Giáo trình Văn hóa phương Đông cung cấp cho người học những khái niệm cơ bản về văn hóa. Làm rõ được sự phân chia theo địa lý khu vực văn hóa và hiểu rõ đặc điểm văn hóa của từng khu vực ở phương Đông để sinh viên dễ dàng tiếp thu kie...

Disgrifiad llawn

Wedi'i Gadw mewn:
Manylion Llyfryddiaeth
Prif Awdur: Lê, Thị Mai Hương
Fformat: Llyfr
Iaith:Undetermined
Cyhoeddwyd: Cần Thơ Đại học Cần Thơ 2017
Pynciau:
Tagiau: Ychwanegu Tag
Dim Tagiau, Byddwch y cyntaf i dagio'r cofnod hwn!
Thư viện lưu trữ: Trung tâm Học liệu Trường Đại học Cần Thơ
LEADER 01662nam a2200217Ia 4500
001 CTU_222028
008 210402s9999 xx 000 0 und d
020 |c 100000 
082 |a 306.095 
082 |b H561 
100 |a Lê, Thị Mai Hương 
245 0 |a Giáo trình văn hóa phương Đông 
245 0 |c Lê Thị Mai Hương 
260 |a Cần Thơ 
260 |b Đại học Cần Thơ 
260 |c 2017 
520 |a Giáo trình Văn hóa phương Đông cung cấp cho người học những khái niệm cơ bản về văn hóa. Làm rõ được sự phân chia theo địa lý khu vực văn hóa và hiểu rõ đặc điểm văn hóa của từng khu vực ở phương Đông để sinh viên dễ dàng tiếp thu kiến thức. Bên cạnh đó, giáo trình cũng cung cấp những thông tin, kiến thức về văn hóa các nước ở khu vực phương Đông, cụ thể là văn hóa Trung Quốc, văn hóa Nhật Bản, văn hóa Thái Lan, văn hóa Malaysia, văn hóa Ấn Độ và văn hóa Ả Rập Saudi được phân chia theo nội dung gồm văn hóa vật chất và văn hóa tinh thần. Bên cạnh đó, giáo trình cũng đề cập đến những vấn đề giao lưu và tiếp xúc giữa các nền văn hóa ở khu vực phương Đông. 
650 |a Culture,Văn hoá 
650 |z Eastern,Phương Đông 
904 |i Tuyến 
980 |a Trung tâm Học liệu Trường Đại học Cần Thơ